Šľachtenie lesných drevín v Poľskej ľudovej republike

Bibliographic Details
Main Author: Holubčík, Milan, 1925-1982 (Author)
Format: Article
Language:Slovak
Subjects:

MARC

LEADER 00000nab a2200000 a 4500
001 vtls000028121
003 SK-MaSNL
005 20260304172338.0
008 250526c1979 xo 0 slo
015 |a SNBRB19rr/mm-uuuuu 
035 |a CL0038215 
035 |a urn:nbn:sk:snk-ab2bzr 
035 |a (urnnbn)urn:nbn:sk:snk:ar-a023ul 
035 |a (uuid)359a623f-6bf0-4553-beaf-6f32a73a4726 
040 |a SNKBUCL  |b slo  |c SNKBUCL  |e AACR2 
041 0 |a slo 
044 |a xo  |c SK 
080 |a 634.0.2  |2 1981 
100 1 |a Holubčík, Milan,  |d 1925-1982  |4 aut  |9 118826 
245 1 0 |a Šľachtenie lesných drevín v Poľskej ľudovej republike  |c Milan Holubčík 
650 0 7 |a dreviny lesné  |2 snkbucl  |9 498002 
655 7 |a články z novín a časopisov  |2 snkbucl  |9 267496 
773 0 |t Les  |g Roč. 35, č. 4 (1979), s. 181-184 
850 |a Slovenská národná knižnica 
852 |a Slovenská národná knižnica 
954 |a odborná, vedecká literatúra pôvodná (slovenská)  |2 lita 
958 |a ONDV 
958 |a article2022 
958 |a RK 
992 |a RBX 
999 |c 2997892  |d 2999822